Multiple-Choice-Stadtquiz Düsseldorf - Statistiken

Allgemein
  • Dieses Quiz wurde 2.832 mal gespielt
  • Das Durchschnittsergebnis liegt bei 8 aus 10
Antwortstatistiken
Frage Antwort % Korrekt
Düsseldorf ist die Landeshauptstadt von welchem Land? Nordrhein-Westfalen
97%
Mit welcher Stadt besteht eine historische Rivalität, besonders spürbar im Karneval? Köln
94%
Welcher Fluss fließt durch Düsseldorf? Rhein
94%
Wie heißt die berühmte Einkaufsstraße in Düsseldorf? Königsallee
81%
Welche dieser Bands kommt aus Düsseldorf? Die Toten Hosen
79%
Für welche Biersorte ist Düsseldorf bekannt? Altbier
76%
Wie heißt das bekannteste Schloss in Düsseldorf? Schloss Benrath
67%
Wie heißt die Düsseldorfer Universität? Heinrich-Heine-Universität
65%
Welches ist das höchste Bauwerk in Düsseldorf? Rheinturm
61%
In Düsseldorf lebt die größte japanische Gemeinde Deutschlands. Wie heißt das jährliche Fest dazu? Japantag
47%
Keine übereinstimmenden Quizze gefunden
Verteilung der Resultate
Anzahl Personen mit jedem Resultat
Perzentil nach korrekt beantworteten Fragen
Ihre Resultats-Entwicklung
Sie haben dieses Quiz noch nicht gespielt